Maapallon ja ilmakehän kerrokset - Statistics

Yleistilastot
  • Tätä visaa on pelattu 380 kertaa
  • Keskiarvotulos 3 / 9
Vastaukset kartalla
Vastauksille on annettu kartalla punavihreä väri sen mukaan, kuinka moni on saanut sen oikein.
 
Vastaustilastot
Kerros % Oikein
Stratosfääri
77%
Vaippa
48%
Troposfääri
44%
Kuori
41%
Mesosfääri
25%
Termosfääri
25%
Eksosfääri
24%
Sisäydin
21%
Ulkoydin
20%
Ehtoja vastaavia visoja ei löytynyt
Tulosjakauma
Jokaisen tuloksen saaneiden osuus
Persentiili vastausten määrän mukaan
Tuloshistoriasi
Et ole pelannut tätä visaa